| 000 | 01378cad a22002055a 4500 | ||
|---|---|---|---|
| 001 | L154396 | ||
| 008 | 111124s2011 xxk f 000 0 eng d | ||
| 035 | _a(Sirsi) u154396 | ||
| 041 | 0 | _aeng | |
| 110 | 2 |
_aTenant Services Authority _95662 |
|
| 245 | 0 | 2 |
_aA revised regulatory framework for social housing in England from April 2012 _ba statutory consultation _h[electronic resource] |
| 260 |
_aLondon _bTenant Services Authority _c2011 |
||
| 520 | _aSets out proposals for revising regulatory standards for social housing providers. From April 2012, the regulator will have a backstop role in consumer matters limited to setting the service delivery standards and acting only where it considers there is risk of serious detriment to tenants. The principal role in scrutinising landlord services and intervening where consumer standards are not met will fall to tenants? panels, MPs and elected councillors. A new independent regulation committee in the Homes and Communities Agency, takes over responsibility for the regulatory function in April 2012. | ||
| 520 | _aConsultation closes 10 February 2012. | ||
| 590 | _aKA | ||
| 650 | 2 | 4 | _aLOCALISM ACT 2011 |
| 651 | 4 |
_aEngland _y886- |
|
| 856 | 4 | 0 |
_uhttps://www.tenantservicesauthority.org/upload/pdf/statutory_consultation_20111121122417.pdf _zView the item free of charge at www.tenantservicesauthority.org |
| 942 | _n0 | ||
| 999 |
_c112971 _d112971 |
||